000 00888nam a2200265 a 4500
001 000018550
005 20200929165825.0
008 100511s1985 sp a 000 d spa d
020 _a8420726338
040 _aDO-SdBNP
_bspa
_cBNPHU
082 _a862.3
_bV422f
100 1 _aVega, Lope de,
_d1562-1635
_93084
245 1 0 _aFuenteovejuna /
_cLope de Vega ; edición, introducción, notas, comentarios y apéndice de Juan José Amate Blanco.
260 _aMadrid :
_bAnaya,
_c1985.
300 _a157, [3] p. :
_bil., ;
_c19 cm.
490 1 _aBiblioteca didáctica Anaya
_v7
504 _aBibliografía: [158-159]
500 _aIncluye notas al pie de las páginas
650 4 _aTeatro español
_93071
650 4 _aLiteratura española
_9632
700 1 _aAmate Blanco, Juan José,
_eed.
_940121
830 0 _aBiblioteca didáctica Anaya ;
_v7
_98965
910 _aWM
049 _aBNGR
999 _c18070
_d18070